000 00575nam a2200169 i 4500
001 88526
003 ES-MaACL
005 20230906175857.0
007 t|
008 050104s1970 sp ||||1| spa d
100 1 _aLama Ruiz-Escajadillo, Luis de la.
_969756
245 1 0 _aTratado de aves de jaula y de recreo /
_cLuis de la Lama Ruiz-Escajadillo ; dibujos de Enrique de la Lama López Areal.
260 _aBarcelona :
_bSintes,
_c[1970]
300 _a262 p. :
_bil. ;
_c18 cm.
700 1 _aLama López Areal, Enrique de la.
_969754
852 _aES-MaACL
_jC-46582
_bR.74391
999 _c88526
_d88526